Dragonball Z Moves - Statistics

General Stats
  • This quiz has been taken 2,812 times
    2,811 since last reset
  • The average score is 6 of 11
Answer Stats
Hint Answer % Correct
Goku Kamehameha
97%
Vegeta (vs cell) Final Flash
80%
Goku Spirit Bomb
70%
Piccolo Special Beam Cannon
69%
Vegeta Galick Gun
67%
Tien Tri-Beam
63%
Goku Kaio-Ken
62%
Krillin Destructo Disc
52%
Saiyans Super Saiyan
33%
Gotenks (most used one) Kamikaze Ghost
23%
Tien Multiform
7%
No matching quizzes found
Score Distribution
Percent of People with Each Score
Percentile by Number Answered
Your Score History
You have not taken this quiz since the last reset